Race, science and society / (Record no. 126737)
[ view plain ]
| 000 -LEADER | |
|---|---|
| fixed length control field | 00689nam a22002417a 4500 |
| 005 - DATE AND TIME OF LATEST TRANSACTION | |
| control field | 20170124110014.0 |
| 010 ## - LIBRARY OF CONGRESS CONTROL NUMBER | |
| LC control number | 780118 |
| 020 ## - INTERNATIONAL STANDARD BOOK NUMBER | |
| Terms of availability | 00.00 |
| International Standard Book Number | 9231011553 |
| 035 ## - SYSTEM CONTROL NUMBER | |
| System control number | 780118 |
| 037 ## - SOURCE OF ACQUISITION | |
| Source of stock number/acquisition | Cen Lib/Ret |
| 040 ## - CATALOGING SOURCE | |
| Original cataloging agency | DPL |
| Language of cataloging | EN |
| 082 ## - DEWEY DECIMAL CLASSIFICATION NUMBER | |
| Classification number | 301.451 |
| Item number | DUN |
| 100 ## - MAIN ENTRY--PERSONAL NAME | |
| Personal name | Dunn, L. C |
| 9 (RLIN) | 18346 |
| 245 ## - TITLE STATEMENT | |
| Title | Race, science and society / |
| Statement of responsibility, etc | L. C. Dunn...[at el.] ; edited by Leo Kuper |
| 260 ## - PUBLICATION, DISTRIBUTION, ETC. (IMPRINT) | |
| Place of publication, distribution, etc | Paris |
| Name of publisher, distributor, etc | The Unesco Press |
| Date of publication, distribution, etc | 1956 |
| 270 ## - ADDRESS | |
| Address | 7 Place de Fontenoy |
| 300 ## - PHYSICAL DESCRIPTION | |
| Extent | 370p. |
| Dimensions | 21cm(Hb) |
| 500 ## - GENERAL NOTE | |
| General note | Includes index |
| 650 ## - SUBJECT ADDED ENTRY--TOPICAL TERM | |
| Topical term or geographic name as entry element | Race discrimination |
| 9 (RLIN) | 18347 |
| 650 ## - SUBJECT ADDED ENTRY--TOPICAL TERM | |
| Topical term or geographic name as entry element | Race relations |
| 9 (RLIN) | 18348 |
| 700 ## - ADDED ENTRY--PERSONAL NAME | |
| Personal name | Kuper, Leo |
| 9 (RLIN) | 18349 |
| 942 ## - ADDED ENTRY ELEMENTS (KOHA) | |
| Source of classification or shelving scheme | Dewey Decimal Classification |
| Koha item type | English Books |
| Classification part | 301.451 |
| Call number suffix | DUN |
| Withdrawn status | Lost status | Damaged status | Not for loan | Home library | Current library | Date acquired | Source of acquisition | Cost, normal purchase price | Total Checkouts | Full call number | Barcode | Date last seen | Copy number | Cost, replacement price | Price effective from | Koha item type | Public note |
|---|---|---|---|---|---|---|---|---|---|---|---|---|---|---|---|---|---|
| Written off | Central Library | Central Library | 26/06/2015 | Cen Lib/Ret | 0.00 | 301.451 DUN | 780118 | 26/06/2015 | 1 | 0.00 | 26/06/2015 | English Books | W/d List No. 6844/4; dtd 7/7/20 |
